00419nam a22001577a 4500003000400000005001700004008004100021020001500062040001400077050002200091100005000113245003900163260003000202300001400232650001500246OSt20251202074522.0251202b |||||||| |||| 00| 0 eng d a0850456851 aLC cJCSC aDS 918b.T46 1986 aNigel Thomas , Peter Abbott and Mike Chappell aThe korean war 1950-53 /cThomas N aLondon :bOsprey ;c1986. a48 pages, akorean war